Η Δυναμική της Παγκοσμιοποίησης και οι Επιχειρήσεις στην Ελλάδα (Record no. 6243)
[ view plain ]
| 000 -LEADER | |
|---|---|
| fixed length control field | 01672cam a22002054a 4500 |
| 005 - ΗΜΕΡΟΜΗΝΙΑ ΚΑΙ ΩΡΑ ΤΕΛΕΥΤΑΙΑΣ ΕΝΗΜΕΡΩΣΗΣ | |
| Πεδίο ελέγχου | 20250605164237.0 |
| 008 - FIXED-LENGTH DATA ELEMENTS--GENERAL INFORMATION | |
| Πεδίο ελέγχου σταθερού μήκους | 250528s ||||||||||||||||||||||||d |
| 035 ## - SYSTEM CONTROL NUMBER | |
| System control number | 21175 |
| 020 ## - ISBN | |
| ISBN | 9789602184677 |
| 040 ## - ΠΗΓΗ ΚΑΤΑΛΟΓΟΓΡΑΦΗΣΗΣ | |
| Φορέας πρωτότυπης καταλογογράφησης | MC Athens Campus Library |
| Γλώσσα καταλογογράφησης | Ελληνικά, Μοντέρνα (1453-) |
| Modifying agency | MC Athens Campus Library |
| Κανόνες περιγραφικής καταλογογράφησης | AACR2 |
| 245 1# - ΤΙΤΛΟΣ ΚΑΙ ΔΗΛΩΣΗ ΥΠΕΥΘΥΝΟΤΗΤΑΣ | |
| Τίτλος | Η Δυναμική της Παγκοσμιοποίησης και οι Επιχειρήσεις στην Ελλάδα |
| 250 ## - EDITION STATEMENT | |
| Edition statement | 1η |
| 260 ## - PUBLICATION, DISTRIBUTION, ETC. | |
| Name of publisher, distributor, etc. | Κριτική - Επιστημονική Βιβλιοθήκη, |
| Date of publication, distribution, etc. | 2006 |
| 300 ## - PHYSICAL DESCRIPTION | |
| Extent | 344 |
| 520 ## - SUMMARY, ETC. | |
| Summary, etc. | Εισαγωγή και Μεθοδολογικός Προσανατολισμός, Η Κεντρική Προβληματική: Η Συνδυασμένη Αναπαραγωγή της Ομοιογένειας και της Ετερογένειας μέσα στην Παγκοσμιοποίηση και η Δυναμική Stra.Tech.Man της Επιχείρησης, Παγκοσμιοποίηση: Ο Μεγάλος Άγνωστος;, Οι Μύθοι Σχετικά με την Παγκοσμιοποίηση, Ο Πύργος της Παραδοσιακής Οικονομικής Επιστήμης και οι Αναγνώσεις της Δυναμικής της Παγκοσμιοποίησης, Τα Νέα Ρεύματα της Οικονομικής Επιστήμης: Η Ανταγωνιστικότητα ως Εξελικτική Σύνθεση, Η Νέα Προβληματική της Ανάπτυξης μέρσα στην Παγκοσμιοποίηση: Η Δύσκολη Περίπτωση της Ελλάδας, Γλωσσάρι. |
| 700 1# - ΠΡΟΣΘΕΤΗ ΑΝΑΓΡΑΦΗ--ΦΥΣΙΚΟ ΠΡΟΣΩΠΟ | |
| Personal name | Βλάδος Χάρης |
| 9 (RLIN) | 7201 |
| 942 ## - ADDED ENTRY ELEMENTS (KOHA) | |
| Koha item type | Books |
| Τύπος τεκμηρίου | Βιβλιοθήκη | Τρέχουσα τοποθεσία | Barcode | Αριθμός εισαγωγής | Ημερομηνία απόκτησης | Ταξιθετικό σύμβολο | Αριθμός αντιτύπου | Κατάσταση απόσυρσης | Κατάσταση χαμένου | Κατάσταση κατεστραμμένου | Μη δανεισμός | Σύνολο δανεισμών | Ημερομηνία τελευταίας εμφάνισης | Η τιμή ισχύει από |
|---|---|---|---|---|---|---|---|---|---|---|---|---|---|---|
| Books | MC Athens Campus Library | MC Athens Campus Library | 9780000062420 | 3124 | 05/06/2025 | 337 VLA | 1 | 05/06/2025 | 05/06/2025 |